000 00747nam a22001697a 4500
999 _c63240
_d63240
003 Ge_BSU
005 20250702170335.0
008 250702s1956 ge ||||| |||| 00| 0 geo d
041 _ageo
080 _a349.2: 346.9 ნ-29
100 _aნარიმანოვი, ზ.ნ.
_925601
245 _aშრომის საქმეების განხილვა /
_cზ.ნ. ნარიმანოვი.
264 _a[თბილისი] :
_b სახელგამი, (საქმთავარპოლიგრაფგამომც. 1-ლი სტ.)
_c1956
300 _a120 გვ. ;
_b20 სმ.
653 _aშრომის საქმეების განხილვა.
942 _2udc
_cᲬᲘᲒᲜᲘ